00493 a2200157 4500003000500000005001700005040000900022082000800031245004600039260002000085650007800105651002400183942000700207999001900214952010200233Nust20170207154652.0 cNust a799 aEDP-26 (GP Photo) (Misc Photographs)cMCS aRawalpindibMCS aPictures of EDP-26 (GP Photo) in MCS (Misc Photographs) (Soft Copy) CD-21 aSweet Memories -MCS cBK c199312d199312 00102ddc40708NFICaMCSbMCSd2016-12-12l0o799 EDPpMCSPIC-3982r2016-12-08w2016-12-12yBK